| 000 | 00829nam a2200217Ia 4500 | ||
|---|---|---|---|
| 001 | 17083 | ||
| 003 | GE_BSU | ||
| 008 | 181216s||||||||xx |||||||||||||| ||und|| | ||
| 040 | _cGE_BSU | ||
| 080 | _a821.353.1-11 | ||
| 100 | _aაბაშიძე, გრიგოლ (1914-1994) | ||
| 245 | _aპოემები. | ||
| 245 | _cრედ.მ.არაბული | ||
| 260 | _aთბილისი | ||
| 260 | _bნაკადული | ||
| 260 | _c1982 | ||
| 300 | _a207გვ. ; 21სმ | ||
| 653 | _aგიორგი მეექვსე; ძლევი ქედი; ზარზმის ზმანება; ფიქრები ენგურის ხეობაში; შავი ქალაქის გაზაფხული დედა | ||
| 653 | _aპოემები | ||
| 942 | _cBK | ||
| 999 |
_c50145 _d50145 |
||